<?xml version="1.0" encoding="UTF-8"?>
<collection xmlns="http://www.loc.gov/MARC21/slim">
 <record>
  <leader>02020caa a2200409 c 4500</leader>
  <controlfield tag="001">1043656502</controlfield>
  <controlfield tag="003">DE-627</controlfield>
  <controlfield tag="005">20250318230527.0</controlfield>
  <controlfield tag="007">tu</controlfield>
  <controlfield tag="008">181219s2018    xx ||||| b    00| ||ger c</controlfield>
  <datafield tag="035" ind1=" " ind2=" ">
   <subfield code="a">(DE-627)1043656502</subfield>
  </datafield>
  <datafield tag="035" ind1=" " ind2=" ">
   <subfield code="a">(DE-599)GBV1043656502</subfield>
  </datafield>
  <datafield tag="040" ind1=" " ind2=" ">
   <subfield code="a">DE-627</subfield>
   <subfield code="b">ger</subfield>
   <subfield code="c">DE-627</subfield>
   <subfield code="e">rda</subfield>
  </datafield>
  <datafield tag="041" ind1=" " ind2=" ">
   <subfield code="a">ger</subfield>
  </datafield>
  <datafield tag="100" ind1="1" ind2=" ">
   <subfield code="8">1\p</subfield>
   <subfield code="a">Zimmermann, Julia</subfield>
   <subfield code="d">1969-</subfield>
   <subfield code="e">VerfasserIn</subfield>
   <subfield code="0">(DE-588)129221910</subfield>
   <subfield code="0">(DE-627)550273514</subfield>
   <subfield code="0">(DE-576)297547313</subfield>
   <subfield code="4">aut</subfield>
  </datafield>
  <datafield tag="245" ind1="1" ind2="0">
   <subfield code="a">Ambivalenzen der Darstellung und Zirkelschlüsse der Interpretation</subfield>
   <subfield code="b">die Tanzdarstellung Hiltbolts von Schwangau im 'Codex Manesse' und der Reigen höfischer Tugenden im 'Roman de la Rose'</subfield>
   <subfield code="c">Julia Zimmermann</subfield>
  </datafield>
  <datafield tag="264" ind1=" " ind2="1">
   <subfield code="c">2018</subfield>
  </datafield>
  <datafield tag="300" ind1=" " ind2=" ">
   <subfield code="b">5 Illustrationen (farbig)</subfield>
  </datafield>
  <datafield tag="336" ind1=" " ind2=" ">
   <subfield code="a">Text</subfield>
   <subfield code="b">txt</subfield>
   <subfield code="2">rdacontent</subfield>
  </datafield>
  <datafield tag="337" ind1=" " ind2=" ">
   <subfield code="a">ohne Hilfsmittel zu benutzen</subfield>
   <subfield code="b">n</subfield>
   <subfield code="2">rdamedia</subfield>
  </datafield>
  <datafield tag="338" ind1=" " ind2=" ">
   <subfield code="a">Band</subfield>
   <subfield code="b">nc</subfield>
   <subfield code="2">rdacarrier</subfield>
  </datafield>
  <datafield tag="500" ind1=" " ind2=" ">
   <subfield code="a">Zusammenfassung in englischer Sprache</subfield>
  </datafield>
  <datafield tag="655" ind1=" " ind2="7">
   <subfield code="a">Bibliografie</subfield>
   <subfield code="0">(DE-588)4006432-3</subfield>
   <subfield code="0">(DE-627)104814519</subfield>
   <subfield code="0">(DE-576)208865578</subfield>
   <subfield code="2">gnd-content</subfield>
  </datafield>
  <datafield tag="689" ind1="0" ind2="0">
   <subfield code="d">u</subfield>
   <subfield code="0">(DE-588)4135049-2</subfield>
   <subfield code="0">(DE-627)104589094</subfield>
   <subfield code="0">(DE-576)209657456</subfield>
   <subfield code="a">Manessische Handschrift</subfield>
   <subfield code="2">gnd</subfield>
  </datafield>
  <datafield tag="689" ind1="0" ind2="1">
   <subfield code="d">p</subfield>
   <subfield code="0">(DE-588)118551205</subfield>
   <subfield code="0">(DE-627)694788449</subfield>
   <subfield code="0">(DE-576)208958320</subfield>
   <subfield code="a">Hiltbold</subfield>
   <subfield code="c">von Schwangau</subfield>
   <subfield code="d">1221-1256</subfield>
   <subfield code="2">gnd</subfield>
  </datafield>
  <datafield tag="689" ind1="0" ind2="2">
   <subfield code="d">u</subfield>
   <subfield code="0">(DE-588)4128615-7</subfield>
   <subfield code="0">(DE-627)104704241</subfield>
   <subfield code="0">(DE-576)209603585</subfield>
   <subfield code="a">Jean</subfield>
   <subfield code="c">de Meung</subfield>
   <subfield code="d">-1305</subfield>
   <subfield code="t">Roman de la rose</subfield>
   <subfield code="2">gnd</subfield>
  </datafield>
  <datafield tag="689" ind1="0" ind2="3">
   <subfield code="d">s</subfield>
   <subfield code="0">(DE-588)4184440-3</subfield>
   <subfield code="0">(DE-627)104387653</subfield>
   <subfield code="0">(DE-576)210025670</subfield>
   <subfield code="a">Tanz</subfield>
   <subfield code="g">Motiv</subfield>
   <subfield code="2">gnd</subfield>
  </datafield>
  <datafield tag="689" ind1="0" ind2=" ">
   <subfield code="5">(DE-627)</subfield>
  </datafield>
  <datafield tag="773" ind1="0" ind2="8">
   <subfield code="i">Enthalten in</subfield>
   <subfield code="t">Das Mittelalter</subfield>
   <subfield code="d">Heidelberg : Heidelberg University Publishing, 1996</subfield>
   <subfield code="g">23(2018), 2, Seite 427-446</subfield>
   <subfield code="w">(DE-627)216862167</subfield>
   <subfield code="w">(DE-600)1341574-8</subfield>
   <subfield code="w">(DE-576)055946283</subfield>
   <subfield code="x">0949-0345</subfield>
   <subfield code="7">nnas</subfield>
  </datafield>
  <datafield tag="773" ind1="1" ind2="8">
   <subfield code="g">volume:23</subfield>
   <subfield code="g">year:2018</subfield>
   <subfield code="g">number:2</subfield>
   <subfield code="g">pages:427-446</subfield>
  </datafield>
  <datafield tag="883" ind1=" " ind2=" ">
   <subfield code="8">1</subfield>
   <subfield code="a">cgwrk</subfield>
   <subfield code="d">20250301</subfield>
   <subfield code="q">DE-101</subfield>
   <subfield code="u">https://d-nb.info/provenance/plan#cgwrk</subfield>
  </datafield>
  <datafield tag="951" ind1=" " ind2=" ">
   <subfield code="a">AR</subfield>
  </datafield>
  <datafield tag="990" ind1=" " ind2=" ">
   <subfield code="a">Manessische Handschrift</subfield>
  </datafield>
  <datafield tag="990" ind1=" " ind2=" ">
   <subfield code="a">Hiltbold &lt;von Schwangau&gt; </subfield>
  </datafield>
  <datafield tag="990" ind1=" " ind2=" ">
   <subfield code="a">Jean &lt;de Meung&gt; / Roman de la rose</subfield>
  </datafield>
  <datafield tag="990" ind1=" " ind2=" ">
   <subfield code="a">Tanz</subfield>
  </datafield>
  <datafield tag="999" ind1=" " ind2=" ">
   <subfield code="a">KXP-PPN1043656502</subfield>
   <subfield code="e">3620605149</subfield>
  </datafield>
 </record>
</collection>
